[Event "Eliminacje Strefowe do Mistrzostw Polski Juniorow i Mlodzikow (ZP+WP) C-13"]
[Site "Lazy, Centrum Fala 1"]
[Date "1899-12-30"]
[Round "8.7"]
[White "Rosenfeld, Noe"]
[Black "Swiderski, Milosz"]
[Result "1-0"]
[WhiteTitle "II"]
[BlackTitle "II"]
[WhiteElo "1338"]
[BlackElo "1313"]

1. e4 c5 2. Nf3 d6 3. d4 cxd4 4. Nxd4 Nf6 5. Nc3 g6 6. Bc4 Bg7 7. Be3 Nc6 8. f3
O-O 9. Nxc6 bxc6 10. Qd2 Bd7 11. O-O-O Qc7 12. g4 h5 13. gxh5 Nxh5 14. Bh6 Kh7
15. Bxg7 Nxg7 16. Qg5 e6 17. Rhg1 d5 18. Bd3 Nh5 19. Rg4 Qd8 20. exd5 Qxg5+ 21.
Rxg5 f5 22. dxe6 Bxe6 23. a3 Rae8 24. Ne2 Bd5 25. Rf1 Re3 26. f4 Rf3 27. Rgg1
Re8 28. Kd2 Nf6 29. Rxf3 Bxf3 30. Nc3 Ne4+ 31. Nxe4 Bxe4 32. Re1 Re6 33. Kc3 Bd5
34. Rxe6 Bxe6 35. Be2 Kg7 36. Kd4 Kf6 37. Bf3 Bd7 38. h4 Be8 39. Kc5 Ke6 40. Bxc6
Bxc6 41. Kxc6 1-0

[Event "Eliminacje Strefowe do Mistrzostw Polski Juniorow i Mlodzikow (ZP+WP) C-13"]
[Site "Lazy, Centrum Fala 1"]
[Date "1899-12-30"]
[Round "8.8"]
[White "Melerowicz, Dominik"]
[Black "Lesien, Tymoteusz"]
[Result "1/2-1/2"]
[WhiteTitle "II"]
[BlackTitle "II"]
[WhiteElo "1324"]
[BlackElo "1356"]

1. e4 c5 2. Nf3 Nc6 3. d4 cxd4 4. Nxd4 g6 5. Nc3 Bg7 6. Be3 Nf6 7. f3 d5 8. Bb5
Bd7 9. exd5 Nxd4 10. Bxd7+ Qxd7 11. Qxd4 O-O 12. O-O-O Rfc8 13. Kb1 a5 14. Qa4
Qf5 15. Bd4 Nd7 16. Bxg7 Kxg7 17. g4 b5 18. Qxb5 Qe5 19. Rhe1 Qd6 20. Qe2 Rab8
21. Qxe7 Qb6 22. b3 Rxc3 23. Qxd7 Qf2 24. Rc1 Rxc2 25. Rxc2 Qxe1+ 26. Rc1 Qe3
27. Qc7 Rxb3+ 28. axb3 Qxb3+ 29. Ka1 Qa3+ 30. Kb1 Qb3+ 31. Ka1 1/2-1/2

[Event "Eliminacje Strefowe do Mistrzostw Polski Juniorow i Mlodzikow (ZP+WP) C-13"]
[Site "Lazy, Centrum Fala 1"]
[Date "1899-12-30"]
[Round "8.9"]
[White "Malaczek, Franciszek"]
[Black "Pietras, Igor"]
[Result "0-1"]
[WhiteTitle "II"]
[BlackTitle "II"]
[WhiteElo "1188"]
[BlackElo "1312"]

1. e4 c5 2. Nc3 e6 3. Nf3 a6 4. d4 cxd4 5. Nxd4 Qc7 6. Bd3 b5 7. a3 Bb7 8. O-O
Nf6 9. Re1 d6 10. Bg5 Be7 11. h3 O-O 12. Nf3 Nbd7 13. Ne2 Nc5 14. Ng3 Rad8 15.
Qd2 d5 16. exd5 Rxd5 17. h4 Rfd8 18. Rac1 Qb8 19. Nh5 Nxd3 20. Nxf6+ Bxf6 21.
Bh6 Nxe1 22. Qxe1 Rh5 23. Qe3 Bxf3 24. gxf3 Rxh4 0-1

[Event "Eliminacje Strefowe do Mistrzostw Polski Juniorow i Mlodzikow (ZP+WP) C-13"]
[Site "Lazy, Centrum Fala 1"]
[Date "1899-12-30"]
[Round "8.10"]
[White "Olszewski, Dawid"]
[Black "Cholewa, Jan"]
[Result "1/2-1/2"]
[WhiteTitle "II"]
[BlackTitle "II"]
[WhiteElo "1166"]
[BlackElo "1243"]

1. e4 e5 2. Nf3 Nc6 3. d4 exd4 4. Nxd4 Bc5 5. Nxc6 bxc6 6. Nc3 Ne7 7. Bc4 O-O 8.
O-O Bb7 9. Qe2 d5 10. exd5 cxd5 11. Ba6 Bxa6 12. Qxa6 Re8 13. Bg5 f6 14. Bf4 Ng6
15. Bg3 f5 16. Qc6 Bb6 17. Nxd5 Ne7 18. Qe6+ Kh8 19. Nxe7 Qxe7 20. Qxf5 Qb4 21.
Rab1 Qa4 22. a3 Rf8 23. Qd3 Rad8 24. Qb3 Qxb3 25. cxb3 Rd2 26. Rfd1 Bxf2+ 27.
Bxf2 Rfxf2 28. Rxd2 Rxd2 29. h3 Re2 30. Rd1 Kg8 1/2-1/2

[Event "Eliminacje Strefowe do Mistrzostw Polski Juniorow i Mlodzikow (ZP+WP) C-13"]
[Site "Lazy, Centrum Fala 1"]
[Date "1899-12-30"]
[Round "9.1"]
[White "Lakowski, Filip"]
[Black "Zeissel, Andrzej"]
[Result "0-1"]
[WhiteTitle "II"]
[BlackTitle "II"]
[WhiteElo "1279"]
[BlackElo "1327"]

1. e4 e5 2. Nf3 Nc6 3. Bc4 Nf6 4. d3 Bc5 5. c3 a6 6. Bb3 O-O 7. Nbd2 d6 8. h3 Ne7
9. O-O Ng6 10. Re1 Ba7 11. Nf1 Nh5 12. d4 Nhf4 13. Bxf4 exf4 14. e5 d5 15. Bc2
Be6 16. Qd2 h6 17. N1h2 Qd7 18. Qd3 c5 19. Rac1 c4 20. Qe2 Rfe8 21. Qd2 Rf8 22.
b3 b5 23. bxc4 bxc4 24. Rb1 Rab8 25. Rxb8 Bxb8 26. Rb1 Qd8 27. Rb4 Bd7 28. Qc1
a5 29. Rb2 Bc6 30. Qb1 Ne7 31. Qc1 Ng6 32. Bf5 Bc7 33. Ng4 h5 34. Ngh2 Kh8 35.
Qd1 Ne7 36. Bc2 Ng8 37. Qd2 Qe7 38. Bb1 Qa3 39. Qc2 g6 40. e6 Ne7 41. Ng5 f6 42.
Ngf3 Qd6 43. Nh4 Kg7 44. Nxg6 f5 45. Nxf8 Kxf8 46. Qe2 Be8 47. Nf3 Qa3 48. Rc2
Ba4 49. Ng5 Bxc2 50. Qxh5 Qc1+ 51. Kh2 f3+ 52. g3 Bxg3+ 53. Kxg3 Qg1+ 54. Kf4
Qh2+ 55. Ke3 f4+ 56. Kd2 Qxf2+ 57. Kc1 Qe1+ 58. Kb2 Qxb1+ 59. Ka3 Qc1# 0-1

[Event "Eliminacje Strefowe do Mistrzostw Polski Juniorow i Mlodzikow (ZP+WP) C-13"]
[Site "Lazy, Centrum Fala 1"]
[Date "1899-12-30"]
[Round "9.2"]
[White "Walkowski, Tobiasz"]
[Black "Kuczynski, Michal"]
[Result "0-1"]
[WhiteTitle "II"]
[BlackTitle "II"]
[WhiteElo "1184"]
[BlackElo "1279"]

1. e4 c6 2. d4 d5 3. f3 g6 4. Nc3 Bg7 5. Be3 dxe4 6. fxe4 e5 7. Nf3 Bg4 8. dxe5
Nd7 9. Be2 Bxf3 10. Bxf3 Nxe5 11. O-O Nf6 12. Bf4 Nc4 13. Qe2 Qd4+ 14. Qf2 Nd7
15. Rab1 Qxf2+ 16. Kxf2 Ndb6 17. Nd1 Rd8 18. Ke2 O-O 19. b3 Na3 20. Rc1 Rfe8 21.
Nf2 Nd5 22. Bd2 Bb2 23. c4 Bxc1 24. Rxc1 Nb6 25. Bb4 Naxc4 26. bxc4 Rd4 27. Bc5
Rxc4 28. Rxc4 Nxc4 29. Ng4 Re6 30. Kd3 Ne5+ 31. Nxe5 Rxe5 32. Kd4 f6 33. Bxa7
Ra5 34. Bb6 Rxa2 35. Kc5 Rb2 36. Bc7 Kf7 37. Bg4 Rxg2 38. Bc8 Rb2 39. Kd6 Rb5
40. Be6+ Kg7 41. Ke7 Rh5 42. Bd6 b5 43. Ke8 Kh6 44. Bf4+ Kg7 45. Bd6 Kh6 46. Bf4+
Rg5 47. Bd7 Kh5 48. Bxg5 Kxg5 49. Bxc6 b4 50. Bd5 Kf4 51. Kf7 Ke5 52. Kg7 f5 53.
Kxh7 fxe4 54. Bxe4 Kxe4 55. Kxg6 b3 56. h4 b2 57. h5 b1=Q 58. h6 Ke5+ 59. Kg7
Qb7+ 60. Kg8 Kf6 61. h7 Qg7# 0-1

[Event "Eliminacje Strefowe do Mistrzostw Polski Juniorow i Mlodzikow (ZP+WP) C-13"]
[Site "Lazy, Centrum Fala 1"]
[Date "1899-12-30"]
[Round "9.3"]
[White "Drzewiecki, Milosz"]
[Black "Wittych, Maciej"]
[Result "1-0"]
[WhiteTitle "II"]
[BlackTitle "II"]
[WhiteElo "1210"]
[BlackElo "1241"]

1. d4 d5 2. c4 e6 3. Nc3 g6 4. cxd5 exd5 5. Nf3 Nf6 6. Bg5 Bg7 7. e3 O-O 8. Bd3
Re8 9. O-O c6 10. Re1 Be6 11. e4 dxe4 12. Nxe4 Kf8 13. Qd2 Nxe4 14. Bxe4 Qb6 15.
Be3 Qc7 16. Rac1 Bxa2 17. d5 Bxd5 18. Bxd5 Rd8 19. Qb4+ Kg8 20. Ba2 Na6 21. Qb3
Rd7 22. Red1 Rad8 23. Ng5 Rd5 24. Rxd5 Rxd5 25. h3 Bh6 26. Nf3 Rb5 27. Qc3 Bg7
28. Bd4 Nb4 29. Bc4 Bxd4 30. Nxd4 Rb6 31. Re1 Qd8 32. Nf3 Nd5 33. Qd4 Rb4 34.
Ne5 Qe7 35. Nd3 Qf6 36. Qxf6 Nxf6 37. Nxb4 1-0

[Event "Eliminacje Strefowe do Mistrzostw Polski Juniorow i Mlodzikow (ZP+WP) C-13"]
[Site "Lazy, Centrum Fala 1"]
[Date "1899-12-30"]
[Round "9.4"]
[White "Garwacki, Kornel"]
[Black "Bury, Milosz"]
[Result "0-1"]
[WhiteTitle "II"]
[BlackTitle "II"]
[WhiteElo "1166"]
[BlackElo "1326"]

1. e4 c5 2. Nf3 e6 3. d4 cxd4 4. Nxd4 Nc6 5. Nc3 a6 6. Be3 Qc7 7. Qd2 d6 8. Be2
Nf6 9. f3 Be7 10. O-O-O Ne5 11. g4 Nc4 12. Bxc4 Qxc4 13. h4 b5 14. b3 Qc7 15.
h5 e5 16. Nf5 Bxf5 17. exf5 Rc8 18. Ne4 d5 19. Nxf6+ gxf6 20. Rh2 d4 21. Bh6 a5
22. Qe2 Ba3+ 23. Kb1 Qc5 24. Bc1 Bxc1 25. Rxc1 a4 26. Qd2 a3 27. Re2 Qc3 28. Qxc3
Rxc3 29. Rf1 O-O 30. Rd2 Kg7 31. Rd3 Rfc8 32. Rf2 Rxd3 33. cxd3 Rc3 34. Rc2 b4
35. Kc1 Rxd3 36. Rc4 Rc3+ 37. Kd1 Rxc4 38. bxc4 b3 39. axb3 a2 0-1

[Event "Eliminacje Strefowe do Mistrzostw Polski Juniorow i Mlodzikow (ZP+WP) C-13"]
[Site "Lazy, Centrum Fala 1"]
[Date "1899-12-30"]
[Round "9.5"]
[White "Pietras, Igor"]
[Black "Rosenfeld, Noe"]
[Result "1/2-1/2"]
[WhiteTitle "II"]
[BlackTitle "II"]
[WhiteElo "1312"]
[BlackElo "1338"]

1. e4 c5 2. Nf3 d6 3. Bb5+ Bd7 4. Bxd7+ Nxd7 5. c4 g6 6. d4 cxd4 7. Nxd4 Bg7 8.
Nc3 Qb6 9. Ndb5 Bxc3+ 10. Nxc3 Ngf6 11. b3 O-O 12. O-O Ne5 13. Be3 Qa5 14. Nd5
Nxd5 15. Qxd5 Qxd5 16. exd5 Ng4 17. Bd4 e5 18. dxe6 fxe6 19. h3 Nh6 20. Rad1 Rfd8
21. Bf6 Rd7 22. Rfe1 Kf7 23. Bg5 Nf5 24. g4 Ne7 25. Rd3 Nc6 26. Bd2 e5 27. Bc3
Re8 28. Red1 Red8 29. b4 Ke6 30. Re1 Rf8 31. b5 Ne7 32. c5 Nd5 33. Bb2 Nf4 34.
Rxd6+ Rxd6 35. Rxe5+ Kd7 36. cxd6 Nxh3+ 37. Kg2 Nf4+ 38. Kg3 Nd3 39. Re7+ Kxd6
40. Ba3+ Nc5 41. Rxb7 Kd5 42. f3 Rxf3+ 43. Kxf3 Nxb7 44. Kf4 Na5 45. Kg5 Nc4 46.
Bc1 Ne5 47. Be3 Nf7+ 48. Kf6 Nd6 49. a4 Ne4+ 50. Kg7 h5 51. Kxg6 hxg4 52. Bxa7
Nc3 53. b6 Kc6 54. Kg5 g3 55. Kg4 g2 56. b7 1/2-1/2

[Event "Eliminacje Strefowe do Mistrzostw Polski Juniorow i Mlodzikow (ZP+WP) C-13"]
[Site "Lazy, Centrum Fala 1"]
[Date "1899-12-30"]
[Round "9.6"]
[White "Katny, Samuel"]
[Black "Kolendo, Kajetan"]
[Result "1/2-1/2"]
[WhiteTitle "II"]
[BlackTitle "II"]
[WhiteElo "1387"]
[BlackElo "1360"]

1. e4 e6 2. Nf3 d5 3. exd5 exd5 4. d4 Nf6 5. Bg5 Bd6 6. Nc3 c6 7. Bd3 O-O 8. O-O
Bg4 9. Re1 Nbd7 10. a3 Qc7 11. h3 Bh5 12. Bf5 h6 13. Bxf6 Nxf6 14. Qd3 Bxf3 15.
Qxf3 Rfe8 16. Ne2 Ne4 17. Nc3 Nf6 18. b4 a5 19. b5 Qb6 20. bxc6 bxc6 21. Qd3 Rxe1+
22. Rxe1 Bxa3 23. Nxd5 cxd5 24. Qxa3 Qxd4 25. Rb1 Qd2 26. Qd6 Re8 27. f3 Qe3+
28. Kh1 Qe5 29. Qxe5 Rxe5 30. Bd3 Re8 31. Ra1 Ra8 32. Bb5 Kf8 33. Kg1 Ke7 34.
Kf2 Kd6 35. Ke3 Nd7 36. Kd4 Nc5 37. Kc3 f6 38. Rd1 Ne6 39. Ba4 1/2-1/2

[Event "Eliminacje Strefowe do Mistrzostw Polski Juniorow i Mlodzikow (ZP+WP) C-13"]
[Site "Lazy, Centrum Fala 1"]
[Date "1899-12-30"]
[Round "9.7"]
[White "Cholewa, Jan"]
[Black "Leszcz, Mateusz"]
[Result "0-1"]
[WhiteTitle "II"]
[BlackTitle "II"]
[WhiteElo "1243"]
[BlackElo "1003"]

1. e4 e5 2. Nf3 Nc6 3. d4 exd4 4. Bc4 Nf6 5. e5 d5 6. Bb5 Ne4 7. Nxd4 Bd7 8. Bxc6
bxc6 9. O-O Bc5 10. Be3 O-O 11. f3 Ng5 12. f4 Ne4 13. Nd2 Bxd4 14. Bxd4 Bf5 15.
Nxe4 Bxe4 16. f5 Qg5 17. g4 h5 18. h3 hxg4 19. hxg4 Qh4 20. Qe2 Qg3+ 0-1

[Event "Eliminacje Strefowe do Mistrzostw Polski Juniorow i Mlodzikow (ZP+WP) C-13"]
[Site "Lazy, Centrum Fala 1"]
[Date "1899-12-30"]
[Round "9.8"]
[White "Labedzki, Kamil"]
[Black "Melerowicz, Dominik"]
[Result "0-1"]
[WhiteTitle "II"]
[BlackTitle "II"]
[WhiteElo "1128"]
[BlackElo "1324"]

1. e4 c5 2. Nc3 Nc6 3. g3 g6 4. Bg2 Bg7 5. d3 e6 6. f4 Nge7 7. Nf3 O-O 8. O-O d5
9. Ne2 b6 10. g4 Bb7 11. Ng3 dxe4 12. Nxe4 Nd5 13. h4 Nd4 14. g5 Qc7 15. Nxd4
Bxd4+ 16. Kh1 Ne7 17. h5 Nf5 18. Qg4 Rad8 19. c3 Bg7 20. Rb1 c4 21. dxc4 Qxc4
22. h6 Bxe4 23. hxg7 Kxg7 24. b3 Qxf1+ 25. Kh2 Qxg2+ 26. Qxg2 Bxg2 27. Kxg2 0-1

[Event "Eliminacje Strefowe do Mistrzostw Polski Juniorow i Mlodzikow (ZP+WP) C-13"]
[Site "Lazy, Centrum Fala 1"]
[Date "1899-12-30"]
[Round "9.9"]
[White "Lesien, Tymoteusz"]
[Black "Malaczek, Franciszek"]
[Result "1-0"]
[WhiteTitle "II"]
[BlackTitle "II"]
[WhiteElo "1356"]
[BlackElo "1188"]

1. d4 Nf6 2. c4 d6 3. Nf3 g6 4. Nc3 Bg7 5. e4 O-O 6. Be2 Bg4 7. O-O Bxf3 8. Bxf3
Nc6 9. Be3 Re8 10. a3 a5 11. Qb3 b6 12. e5 Qd7 13. exf6 Bxf6 14. Qb5 Nb8 15. Qxd7
Nxd7 16. Bxa8 Rxa8 17. Nd5 c6 18. Nxf6+ Nxf6 1-0

[Event "Eliminacje Strefowe do Mistrzostw Polski Juniorow i Mlodzikow (ZP+WP) C-13"]
[Site "Lazy, Centrum Fala 1"]
[Date "1899-12-30"]
[Round "9.10"]
[White "Swiderski, Milosz"]
[Black "Olszewski, Dawid"]
[Result "1-0"]
[WhiteTitle "II"]
[BlackTitle "II"]
[WhiteElo "1313"]
[BlackElo "1166"]

1. e4 a6 2. Nf3 b5 3. d4 Bb7 4. Bd3 Nf6 5. Qe2 e6 6. Nc3 c5 7. b3 Nc6 8. Be3 Nb4
9. Bg5 Rc8 10. e5 h6 11. Bxf6 gxf6 12. O-O cxd4 13. Ne4 f5 14. Nf6+ Ke7 15. a3
Nxd3 16. Qxd3 Bg7 17. Nxd4 Bxf6 18. exf6+ Kxf6 19. Rfe1 Rg8 20. g3 Be4 21. Qe3
Kg6 22. f3 Bb7 23. Rac1 Qc7 24. Qd3 Kf6 25. Rcd1 f4 26. g4 h5 27. h3 Rg5 28. Qh7
Rcg8 29. h4 R5g7 30. g5+ Rxg5+ 31. hxg5+ Rxg5+ 32. Kh2 e5 33. Qh6+ Rg6 34. Qh8+
Ke7 35. Rxe5+ Re6 36. Nf5# 1-0